000 00648nam a2200217Ia 4500
003 GCL
008 140319s9999 xx 000 0 ara d
020 _a8864319953
040 _aGCL /
_cGCL
082 0 4 _a535.2
_bر ع
100 1 _aرشدى راشد
245 1 0 _aعلم المناظر وعلم انعكاس الضوء /
_cرشدى راشد
250 _aالاولى
260 _aبيروت :
_bمركز دراسات الوحدة العربية ،
_c2003
300 _a594 ص ؛
_c24 سم
650 0 4 _aالضوء
650 0 4 _aانكسار الضوء
650 0 4 _aالبصريات
650 0 4 _aالانعكاس
942 _2ddc
_cBK
999 _c33659
_d33659